Władcy Polski - Andegaweni, jagiellonowie - Statystyki

Ogólne statystyki
  • Ten quiz został rozwiązany 46 razy
  • Średni wynik to 11 z 12
Statystyki odpowiedzi
Dynastia Odpowiedź Lata % Poprawnych
Piastowie Kazimierz III Wielki 1333 - 1370
97%
Andegawenowie Ludwik I Węgierski 1370 - 1382
95%
Jagiellonowie Władysław V Jagiełło 1386 -1434
95%
Jagiellonowie Zygmunt I Stary 1506 - 1548
95%
Andegawenowie Jadwiga I Andegaweńska 1384 - 1399
92%

Wskazówka

wpisz: Bezkrólewie

Bezkrólewie 1382 - 1384
89%
Piastowie Władysław IV Łokietek 1306 - 1333
89%
Jagiellonowie Zygmunt II August 1548 - 1572
89%
Jagiellonowie Kazimierz IV Jagiellończyk 1447 - 1492
87%
Jagiellonowie Władysław VI Warneńczyk 1434 - 1444
87%
Jagiellonowie Jan I Olbracht 1491 - 1501
82%
Jagiellonowie Aleksander I Jagiellończyk 1501 - 1506
79%
Nie znaleziono quizów pasujących do podanych kryteriów
Rozkład punktacji
Procent ludzi z każdym wynikiem
Percentyl według liczby udzielonych odpowiedzi
Twoja historia wyników
Nie rozwiązałeś tego quizu